000 00711cam a2200229 i 4500
001 4580826
005 20180123035310.0
008 750805s1975 ilua b 000 0 eng
010 _a 75026552
020 _a0890650845 :
_c$5.00
040 _aDLC
_cDLC
_dDLC
041 _aeng
043 _an-us-il
080 _a331.2977311 STO
082 0 0 _a910 s
_a331.2977311 STO
100 1 _a52
101 _aEKO
245 1 0 _aUnemployment and adjustment in the labor market :
_cHouston H. Stokes, Donald W. Jones, Hugh M. Neuburger.
504 _aBibliography: p. 121-125.
906 _a7
_bcbc
_corignew
_d1
_eocip
_f19
_gy-gencatlg
942 _2ddc
_cBK
999 _c40721
_d40721